000
00295nam a2200109Ia 4500
008
200302s9999 xx 000 0 und d
100
_a
John Zukowsky
245
_a
Japan 2000 Architecture and Design for the Japanese Public
260
_b
Prestel-Verlag, Munich
260
_c
1998
300
_a
158 P.,
999
_c
2060
_d
2060